000 02127nam a22003017a 4500
001 9059
003 FISKH
005 20251118115436.0
008 251118b cb ||||| |||| 00| 0 eng d
020 _a9789996346392
040 _aFISKH
_bkhr
_cFISKH
_dFISKH
082 _a398.2
100 _aPisey, Pol
245 _aកូនដំរីប្តូរទម្លាប់ /
_cនិពន្ធដោយ អ្នកស្រី ប៉ុល ពិសី , កែសម្រួលដោយ អ្នកស្រី គឹមស៊ុន សុធារី
260 _aPhom Penh :
_bReading Books ,
_c2015.
300 _a20 pages :
_bcolor illustrations ;
_c25 cm .
490 _aពិភពរឿងនិទាន
505 _aM
520 _aរឿងនេះចង់អប់រំអោយប្អូនៗកុមារមានសុជីវធម៏នៅក្នុងគ្រួសារក៏ដូចជាក្នុងសង្គម ។ ជាងនេះទៅទៀតនៅពេលដែលចង់បានរបស់អ្វីមួយពីឪពុកម្តាយ ឬ ពីនរណាម្នាក់ត្រូវចេះសុំនិងអរគុណបន្ទាប់ពីទទួលបាន ហើយត្រូវមានទម្លាប់ល្អទាំងកាយវិការនិងពាក្យសម្តី ។
520 _aThis story is intended to educate young children so that they have savoir faire in their household as well as in th society. What is more, when in need of something from parents or someone, they have to ask it from them and say thanks following their receipt of it and they have to have good habits in terms of their physical movements and speeches .
521 8 _a520
_bLexile estimate
521 8 _aM
_bRaz-Plus
650 _aកូនដំរីប្តូរទម្លាប់
_vរឿងនិទានកុមារ
650 _aBaby elephant changes its habits
_vChildren's Stories
700 _aSaren, Koam
_eIllustrator
942 _2ddc
_cKHB
_n0
999 _c9059
_d9059